Statistics for Satisfaction with Life in EU Capital Cities

Click here to take the quiz!

General Stats

  • This quiz has been taken 77 times
  • The average score is 90 of 100

Answer Stats

% Correct
Helsinki
100%
London
97%
Madrid
97%
Paris
97%
Stockholm
97%
Copenhagen
95%
Dublin
95%
Berlin
94%
Amsterdam
92%
Vienna
92%
Prague
91%
Brussels
89%
Warsaw
89%
Tallinn
86%
Luxembourg
82%
Riga
82%
Ljubljana
77%
Vilnius
77%
Zagreb
76%
Bratislava
71%
Valletta
64%
Nicosia
48%

Score Distribution

Percentile by Number Answered

Percent of People with Each Score

Your Score History

You have not taken this quiz